000 00690nam a2200205Ia 4500
999 _c4465
_d4465
003 OSt
005 20200619134237.0
008 191128s2014 sp a gr 000 j spa d
020 _a9788416255160
040 _aCO-JMCR
_cCO-JMCR
041 0 _aspa
082 _aH /
_bLEMb
100 1 _aLemire, Jeff,
_eautor
_95633
245 1 0 _aBatman [y] Superman :
_b¡en una micro misión para salvar al caballero oscuro! /
_cJeff Lemire, Brian aClay Moore, Karl Kerschl, Ben Templesmith
260 _aBarcelona :
_bEcc,
_c2014
300 _a32 páginas :
_bilustraciones a color ;
_c26 cm.
500 _aRecomendado para mayores de 13 años.
650 1 4 _aTiras cómicas
_95616
942 _2ddc
_cBK